Statistics for Parts of Things #2

Click here to take the quiz!

General Stats

  • This quiz has been taken 22,586 times
  • The average score is 13 of 20

Answer Stats

Parts Answer % Correct
Cockpit, Cabin, FuselageAirplane
97%
Trigger, Barrel, MuzzleGun
97%
Proton, Neutron, ElectronAtom
90%
Bow, Stern, RudderBoat
90%
Pistil, Stamen, PetalFlower
87%
Salutation, Signature, PostscriptLetter
85%
Fender, Radiator, Fan BeltCar
85%
Chain, Fork, HandlebarBicycle
82%
Nucleus, Cytoplasm, MitochondrionCell
78%
Spoke, Hub, RimWheel
77%
Vertex, Edge, HypotenuseTriangle
76%
Jacket, Bow Tie, CummerbundTuxedo
73%
Stirrup, Horn, CantleSaddle
59%
Baseline, Service Line, NetTennis Court
47%
Emblem, Hoist, FieldFlag
45%
Hammer, Damper, KeyPiano
42%
Endosperm, Bran, GermGrain
35%
Eyepiece, Stage, Mechanical StageMicroscope
33%
Gills, Cap, MyceliumMushroom
29%
Umbra, Penumbra, AntumbraShadow
18%

Score Distribution

Percentile by Number Answered

Percent of People with Each Score

Your Score History

You have not taken this quiz